| 000 | 00915nam a2200313Ia 4500 | ||
|---|---|---|---|
| 001 | dia_20 | ||
| 003 | CHAP | ||
| 005 | 20221202131852.0 | ||
| 008 | 220117s1998 xx 000 0 und d | ||
| 010 | _a170452 | ||
| 020 | _a968-18-0067-2 | ||
| 040 | _cCHAP | ||
| 082 | _a692.5 S83 1971 | ||
| 100 |
_aSuárez Salazar, Carlos _9110725 |
||
| 245 |
_aCosto y tiempo en edificación / _c Carlos Suárez Salazar |
||
| 250 | _a3a ed. | ||
| 260 |
_aMéxico : _b Limusa, _c1998 |
||
| 300 | _a451 p. | ||
| 503 | _aC/e (ej. 1 y 3) \ D. (ej. 2) | ||
| 504 | _aBibliografía: p. 449-451 | ||
| 505 | _a4 hojas plegadas | ||
| 590 | _aTH435 S83 1971 | ||
| 650 |
_aConstrucción _xPresupuestos y costos _9146966 |
||
| 650 |
_aConstruction _xEstimates and costs _9146967 |
||
| 901 | _a692.5 S83 1971 | ||
| 902 | _aM | ||
| 905 | _a5232271998 mx ain 8222223322spa16 | ||
| 942 |
_cLIBRO _2ddc |
||
| 999 |
_c170452 _d170452 |
||